| 000 | 00749nam a2200229 a 4500 | ||
|---|---|---|---|
| 999 |
_c11100 _d11100 |
||
| 001 | 11100 | ||
| 003 | BD-JhCC | ||
| 005 | 20220303134022.0 | ||
| 008 | 190629b20112019bg |||| ||a| 000 0 ben d | ||
| 020 | _a984701520157 | ||
| 035 | _a(BD-JhCC)11100 | ||
| 040 |
_aBD-JhCC _dBD-JhCC |
||
| 041 | _aben | ||
| 082 |
_a540.76 _bFAR 2019 |
||
| 100 | _aফারুক, জোবাইর | ||
| 245 |
_aরসায়ন অলিম্পিয়াড কুইজ / _cজোবাইর ফারুক । |
||
| 260 |
_aঢাকা: _bঅনুপম প্রকাশনী; _c২০১৯. |
||
| 300 |
_a৪৮০ পৃঃ . : _c২২ সেমি. |
||
| 650 | _aChemistry | ||
| 650 | _aInternational Chemistry olympiod | ||
| 942 |
_2ddc _cBK _08 |
||